Statistics for The First Two Paragraphs of the Declaration of Independence

Click here to take the quiz!

General Stats

  • This quiz has been taken 15 times
    (5 since last reset)
  • The average score is 69 of 341

Answer Stats

Answer% Correct
becomes
100%
course
100%
events,
100%
for
100%
human
100%
in
100%
it
100%
necessary
100%
of
100%
one
100%
people
100%
the
100%
the
100%
to
100%
When
100%
bands
75%
dissolve
75%
have
75%
political
75%
a
50%
all
50%
among
50%
among
50%
among
50%
and
50%
and
50%
and
50%
and
50%
another,
50%
are
50%
are
50%
are
50%
are
50%
assume
50%
be
50%
by
50%
causes
50%
certain
50%
connected
50%
created
50%
Creator
50%
decent
50%
declare
50%
deriving
50%
earth,
50%
endowed
50%
entitle
50%
equal,
50%
equal
50%
God
50%
Governments
50%
Happiness.
50%
hold
50%
impel
50%
instituted
50%
Laws
50%
Liberty,
50%
Life,
50%
mankind
50%
men
50%
Men,
50%
Nature
50%
Nature's
50%
of
50%
of
50%
of
50%
of
50%
of
50%
opinions
50%
persuit
50%
powers
50%
requires
50%
respect
50%
rights,
50%
Rights,
50%
secure
50%
self-evident,
50%
separation.
50%
seperate
50%
should
50%
station
50%
that
50%
that
50%
-That
50%
that
50%
that
50%
that
50%
that
50%
the
50%
the
50%
the
50%
the
50%
the
50%
the
50%
the
50%
the
50%
their
50%
their
50%
them
50%
them
50%
them,
50%
these
50%
these
50%
these
50%
they
50%
they
50%
to
50%
to
50%
to
50%
to
50%
to
50%
to
50%
truths
50%
unalienable
50%
We
50%
which
50%
with
50%
consent
25%
from
25%
governed,
25%
just
25%
of
25%
powers
25%
the
25%
the
25%
with
25%
a
0%
a
0%
a
0%
a
0%
abolish
0%
abolishing
0%
absolute
0%
absolute
0%
abuses
0%
accordingly
0%
accustomed.
0%
affect
0%
all
0%
all
0%
alter
0%
alter
0%
an
0%
and
0%
and
0%
and
0%
and
0%
and
0%
and
0%
and
0%
and
0%
and
0%
any
0%
are
0%
are
0%
are
0%
as
0%
be
0%
be
0%
becomes
0%
been
0%
Britain
0%
But
0%
by
0%
candid
0%
causes;
0%
changed
0%
Colonies;
0%
constrains
0%
design
0%
Despotism,
0%
destructive
0%
dictate
0%
direct
0%
disposed
0%
duty,
0%
ends,
0%
established
0%
establishment
0%
evils
0%
evinces
0%
experience
0%
Facts
0%
for
0%
for
0%
Form
0%
form,
0%
former
0%
forms
0%
foundation
0%
future
0%
Government,
0%
Government.
0%
Government,
0%
Government
0%
Governments
0%
Great
0%
Guards
0%
Happiness.
0%
has
0%
hath
0%
having
0%
history
0%
history
0%
in
0%
in
0%
indeed,
0%
injuries
0%
institute
0%
invariably
0%
is
0%
is
0%
is
0%
is
0%
is
0%
it,
0%
it
0%
it
0%
it
0%
its
0%
its
0%
King
0%
laying
0%
let
0%
light
0%
likely
0%
long
0%
long
0%
mankind
0%
more
0%
most
0%
necessity
0%
new
0%
new
0%
not
0%
now
0%
Object
0%
object
0%
of
0%
of
0%
of
0%
of
0%
of
0%
of
0%
of
0%
of
0%
of
0%
of
0%
off
0%
on
0%
or
0%
organizing
0%
over
0%
patient
0%
People
0%
powers
0%
present
0%
principles
0%
prove
0%
provide
0%
Prudence,
0%
pursuing
0%
reduce
0%
repeated
0%
right
0%
Right
0%
right,
0%
Safety
0%
same
0%
security.
0%
seem
0%
shall
0%
shall
0%
shewn,
0%
States.
0%
submitted
0%
such
0%
such
0%
such
0%
Such
0%
such
0%
suffer,
0%
sufferable,
0%
sufferance
0%
Systems
0%
than
0%
that
0%
that
0%
-That
0%
the
0%
The
0%
the
0%
the
0%
the
0%
the
0%
the
0%
the
0%
the
0%
their
0%
their
0%
their
0%
their
0%
their
0%
them
0%
them
0%
them
0%
themselves
0%
these
0%
these
0%
these
0%
they
0%
this
0%
throw
0%
to
0%
To
0%
to
0%
to
0%
to
0%
to
0%
to
0%
to
0%
to
0%
to
0%
to
0%
to
0%
to
0%
to
0%
to
0%
train
0%
transient
0%
Tyranny
0%
under
0%
usurpations,
0%
usurpations,
0%
when
0%
when
0%
which
0%
which
0%
while
0%
will
0%
world.
0%

Score Distribution

Percentile by Number Answered

Percent of People with Each Score

Your Score History

You have not taken this quiz since the last reset